| 000 | 00589nam a2200205Ia 4500 | ||
|---|---|---|---|
| 005 | 20250923145125.0 | ||
| 008 | 008 250917s9999 xx 000 0 eng d | ||
| 037 | _aTextual | ||
| 040 |
_aDSWL _beng _cDSWL |
||
| 041 |
_aeng _2eng |
||
| 084 |
_aYf, N52 _qDSWL |
||
| 100 |
_aYoung, Pauline V. _9832000 |
||
| 245 | 0 |
_aScientific social surveys and research _cby Pauline V. Young |
|
| 260 |
_aNew Delhi _b Prentice Hall of India Ltd. _c1968 |
||
| 300 | _aviii,242 p. | ||
| 365 |
_aINR _b13 |
||
| 925 | _g13 | ||
| 942 |
_cTEXL _hYf, N52 |
||
| 999 |
_c1447437 _d1447437 |
||